书目信息 |
| 题名: |
数字经济
|
|
| 作者: | 严谨 著 | |
| 分册: | ||
| 出版信息: | 北京 九州出版社 2021 |
|
| 页数: | 249页 | |
| 开本: | 24cm | |
| 丛书名: | ||
| 单 册: | ||
| 中图分类: | F492 , F49 | |
| 科图分类: | ||
| 主题词: | 信息经济--研究--中国 | |
| 电子资源: | ||
| ISBN: | 978-7-5225-0182-6 | |
| 000 | 01262nam0 2200277 450 | |
| 001 | 2332543677 | |
| 005 | 20231119105816.20 | |
| 010 | @a978-7-5225-0182-6@dCNY88.00 | |
| 039 | @aA310000SHL@bUCS01004206922 | |
| 100 | @a20211026d2021 em y0chiy50 ea | |
| 101 | 0 | @achi |
| 102 | @aCN@b110000 | |
| 105 | @aa az 000yy | |
| 200 | 1 | @a数字经济@9shu zi jing ji@e从数字到智慧的升级路径@f严谨著 |
| 210 | @a北京@c九州出版社@d2021 | |
| 215 | @a249页@c图@d24cm | |
| 314 | @a严谨,原名闫远霖,中国网联副秘书长,工商管理博士,物联网应用工程师、大数据分析师,人工智能应用工程师。 | |
| 320 | @a有书目 (第246-249页) | |
| 330 | @a这是一部关于数字经济及数字经济产业研究的专著。本书论述了数字经济的定义,数字经济的特殊规律(梅特卡夫定律、摩尔定律、达维多定律、科斯定律);数字经济的“两翼”是产业数字化、数字产业化;分别从各大产业的视角论述了农业如何数字化?工业如何数字化?服务业如何数字化?以及各行各业的数字化,推动数字产业的规模化,进而形成第四产业(数字产业);数字经济的高级形态--智能经济,以及世界数字经济强国对我们的启示。 | |
| 517 | 1 | @a从数字到智慧的升级路径@9cong shu zi dao zhi hui de sheng ji lu jing |
| 606 | 0 | @a信息经济@x研究@y中国 |
| 690 | @aF492@v5 | |
| 690 | @aF49@v4 | |
| 701 | 0 | @a严谨@9yan jin@4著 |
| 801 | 0 | @aCN@b山东中教@c20211129 |
| 905 | @aBZT@dF49@e45 | |
| 数字经济:从数字到智慧的升级路径/严谨著.-北京:九州出版社,2021 |
| 249页:图;24cm |
| ISBN 978-7-5225-0182-6:CNY88.00 |
| 这是一部关于数字经济及数字经济产业研究的专著。本书论述了数字经济的定义,数字经济的特殊规律(梅特卡夫定律、摩尔定律、达维多定律、科斯定律);数字经济的“两翼”是产业数字化、数字产业化;分别从各大产业的视角论述了农业如何数字化?工业如何数字化?服务业如何数字化?以及各行各业的数字化,推动数字产业的规模化,进而形成第四产业(数字产业);数字经济的高级形态--智能经济,以及世界数字经济强国对我们的启示。 |
| ● |
| 相关链接 |
|
|
|
正题名:数字经济
索取号:F49/45
 
预约/预借
| 序号 | 登录号 | 条形码 | 馆藏地/架位号 | 状态 | 备注 |
| 1 | 2000980965 | 2000980965 | 中教第一批/山东中教(第一批)/449/ [索取号:F49/45] | 在馆 | |
| 2 | 2000980966 | 2000980966 | 中教第一批/山东中教(第一批)/449/ [索取号:F49/45] | 在馆 | |
| 3 | 2000980967 | 2000980967 | 中教第一批/山东中教(第一批)/449/ [索取号:F49/45] | 在馆 | |
| 4 | 2000980968 | 2000980968 | 中教第一批/山东中教(第一批)/449/ [索取号:F49/45] | 在馆 | |
| 5 | 2000980969 | 2000980969 | 中教第一批/山东中教(第一批)/449/ [索取号:F49/45] | 在馆 | |
| 6 | 2000980970 | 2000980970 | 中教第一批/山东中教(第一批)/449/ [索取号:F49/45] | 在馆 |